Ranisch, Bartel, 1648-1710. Beschreibung derer vornähmesten Gebäude in der Stadt Dantzig. - Marburg : Verl. Herder-Institut. - 1997 [Rezension]
| Titel: | Ranisch, Bartel, 1648-1710. Beschreibung derer vornähmesten Gebäude in der Stadt Dantzig. - Marburg : Verl. Herder-Institut. - 1997 [Rezension] |
|---|---|
| Verfasser: | |
| In: |
Beiträge zur Geschichte Westpreußens, Band 16 (1999), Seite 285 alle Artikel anzeigen |
| Veröffentlicht: | 1999 |
| Format: | Aufsatz |
| Sprache: | Deutsch |
X
alg: 39503299 001A $01999:12-11-16 001B $01999:04-08-21 $t21:02:40.000 001D $01999:12-11-16 001U $0utf8 001X $00 002@ $0Aox 003@ $0395032997 007A $0395032997 $aHEB 007T $0Herd16344 010@ $ager 011@ $a1999 021A $aRanisch, Bartel, 1648-1710. Beschreibung derer vornähmesten Gebäude in der Stadt Dantzig. - Marburg : Verl. Herder-Institut. - 1997 [Rezension] 028A $#Sarnowski, Jürgen $7111698855 $8Sarnowsky, Jürgen$Z1955- [Tp1] $9146216172 031A $d16 $h285 $j1999 039B $aIn $8--Abvc--. Beiträge zur Geschichte Westpreußens. - Münster, Westf. : Nicolaus-Copernicus-Verl., 1967-2008. - ISSN 0341-9436 $x199900000160000715 $9046826319 039T $8--Aau--Ranisch, Bartel$Z1648-1710 [Tp3]. Beschreibung derer vornähmesten Gebäude in der Stadt Dantzig. - Marburg : Verl. Herder-Institut, 1997. - VIII, 107 S.. - zahlr. Ill.. - ISBN 3-87969-256-4 $9053554949 045F $a900.94382 $eDDC23BSB 045F/01 $a900 045F/03 $g4382 045F/03 $g43832 045T $a8,1 lok: 39503299 78 exp: 39503299 78 1 #EPN 201B/01 $018-11-16 $t13:32:35.000 201U/01 $0utf8 203@/01 $0791331601 208@/01 $a12-11-16 $be 209A/01 $a/ $f000 $x00 220C/01 $aTitelaufnehmer: ej 244Z/01 $2Trx $#Prusy Wschodnie i Zachodnie $8--Trx--Ost- und Westpreußen $x01 $939113373X 244Z/01 $2Trx $#arvustused $#recenzijos $#Reviews $#recenziók $#recenzje $#recenzie $#recenze $8--Trx--Rezensionen $x02 $9391357441 247C/01 $82080>Marburg/Lahn, Herder-Institut, Forschungsbibliothek, Bibliographieportal $9336309341
| LEADER | 00000caa a22000002c 4500 | ||
|---|---|---|---|
| 001 | 395032997 | ||
| 003 | DE-603 | ||
| 005 | 20210804210240.0 | ||
| 007 | tu | ||
| 008 | 161112s1999 xx |||| | u00||u|ger c | ||
| 035 | |a (DE-599)HEB395032997 | ||
| 040 | |a DE-603 |b ger |c DE-603 |d DE-603 | ||
| 041 | |a ger | ||
| 082 | 0 | 4 | |8 1\u |a 900.94382 |q DE-101 |2 23/BSB |
| 084 | |a 8,1 |2 ssgn | ||
| 085 | |8 1\u |b 900 | ||
| 085 | |8 1\u |z 2 |s 4382 | ||
| 085 | |8 1\u |z 2 |s 43832 | ||
| 100 | 1 | |a Sarnowsky, Jürgen |d 1955- |0 (DE-603)146216172 |0 (DE-588)111698855 |2 gnd | |
| 245 | 0 | 0 | |a Ranisch, Bartel, 1648-1710. Beschreibung derer vornähmesten Gebäude in der Stadt Dantzig. - Marburg : Verl. Herder-Institut. - 1997 [Rezension] |
| 264 | 0 | |c 1999 | |
| 773 | 0 | 8 | |i In |t Beiträge zur Geschichte Westpreußens |d Münster, Westf. : Nicolaus-Copernicus-Verl., 1967-2008 |h 24 cm |x 0341-9436 |g Band 16 (1999), Seite 285 |w (DE-603)046826319 |w (DE-600)731-6 |
| 787 | 0 | 8 | |i Rezension von |a Ranisch, Bartel, 1648-1710 |t Beschreibung derer vornähmesten Gebäude in der Stadt Dantzig |d Marburg : Verl. Herder-Institut, 1997 |h VIII, 107 S., zahlr. Ill. |z 3879692564 |w (DE-603)053554949 |
| 924 | 0 | |9 2080 |a (DE-603)791331601 |b DE-2080 |c HES |d d |g / | |


